| 000 | 01790cam a22001814a 4500 | ||
|---|---|---|---|
| 005 | 20250605164143.0 | ||
| 008 | 250528s ||||||||||||||||||||||||d | ||
| 035 | _a19051 | ||
| 040 |
_aGR-AtMCL _bgre _dGR-AtMCL _eAACR2 |
||
| 245 | 1 | _aΔιδακτική Φυσικών Επιστημών | |
| 260 |
_bΊων, _c1987 |
||
| 300 | _a168 | ||
| 520 | _aΕισαγωγή, Διατύπωση Αντικειμενικών Σκοπών του Μαθήματος, Προέλεγχος, Προγραμματισμός της Διδασκαλίας για τα Μαθήματα των Φυσικών Επιστημών, Μέθοδοι Διδασκαλίας των Φυσικών Επιστημών, Η Αποτελεσματικότητα της Αλληλεπίδρασης και Αυτενέργειας στη Μάθηση, Εποπτικά Μέσα και Πηγές για τη Διδασκαλία των Φυσικών Επιστημών, Η Χρήση των Υπολογιστών στην Εκπαίδευση των Μαθητών, Προγραμματισμός και Οργάνωση του Μαθήματος, Αξιολόγηση της Επίδοσης των Μαθητών, Συμπεράσματα, Το Αναλυτικό Πρόγραμμα των Φυσικών Επιστημών στα Σχολεία, Πρόγραμμα για την Εκπαίδευση Δασκάλων των Φυσικών Επιστημών στα Πανεπιστήμια, Πρακτική Άσκηση Διδασκαλίας για την Προετοιμασία των Δασκάλων των Φυσικών Επιστημών, Πειθαρχία και Διοίκηση της Τάξης. | ||
| 700 | 1 |
_aΖαβλανός Μύρων Μ _91038 |
|
| 942 | _cBK | ||
| 999 |
_c4335 _d4335 |
||